|
|
|
|
| LEADER |
01644njm a2200409 a 4500 |
| 001 |
001122042 |
| 003 |
CZ BrMZK |
| 005 |
20110113144753.0 |
| 007 |
sd fsngnnmmned |
| 008 |
101014s2010 xr rcn g d || cze d |
| 024 |
3 |
|
|a 8594156070083
|
| 028 |
0 |
1 |
|a 100P008
|b 100promotion
|
| 040 |
|
|
|a BOA001
|b cze
|
| 048 |
|
|
|b vu01
|a od01
|
| 072 |
|
7 |
|a 784
|x Vokální hudba
|2 Konspekt
|9 9
|
| 080 |
|
|
|a 784.4
|2 MRF
|
| 080 |
|
|
|a 78.036
|2 MRF
|
| 080 |
|
|
|a (086.76
|2 MRF
|
| 100 |
1 |
|
|a Mišík, Vladimír,
|d 1947-
|7 jn19990209554
|4 cmp
|4 lyr
|4 sng
|
| 245 |
1 |
0 |
|a [Ztracený podzim]
|h [zvukový záznam]
|
| 260 |
|
|
|a [Praha] :
|b 100promotion,
|c p2010
|
| 300 |
|
|
|a 1 zvuková deska :
|b digital ;
|c 19 cm +
|e brožura, leták
|
| 500 |
|
|
|a Kompaktní deska
|
| 500 |
|
|
|a Název z pouzdra
|
| 500 |
|
|
|a Texty písní v pouzdře
|
| 500 |
|
|
|a Hudba a některé texty Vladimír Mišík
|
| 505 |
0 |
0 |
|t U nádraží --
|t Balada --
|t Ztracený podzim --
|t Páteční cajun --
|t Vabank --
|t Ta láska --
|t S nebem to mám dobrý --
|t Vymaž mě z mobilu --
|t Smůlu mám --
|t Nezoufej si --
|t Vzduchoplavec --
|t 1984 --
|t Ďáblíci
|
| 511 |
1 |
|
|a Vladimír Mišík & ETC
|
| 518 |
|
|
|a Nahráno ve studiu Sono Records na Nouzově u Unhoště, ve studiu Michala Šenbauera a něco doma
|
| 650 |
0 |
7 |
|a populární písně
|7 ph124354
|y 2001-2010
|2 czenas
|
| 650 |
0 |
7 |
|a rock
|7 ph125174
|2 czenas
|
| 655 |
|
7 |
|a kompaktní desky
|7 fd201991
|2 czenas
|
| 710 |
2 |
|
|a Etc... (hudební skupina)
|7 ko2002101299
|
| 910 |
2 |
|
|a BOA001
|b CDR2-1250.101
|
| 990 |
|
|
|a AV
|
| 991 |
|
|
|b 201012
|
| 996 |
6 |
|
|b 2610453795
|c CDR2-1250.101
|l MZK
|r Sklad / do 24 hodin
|n 0
|p p.v.
|w 001157562
|u 000010
|a 1
|e BOA001
|j MZK50
|s P
|